000 01779nam a2200469Ii 4500
001 DIGPUZ0843
003 NyNyDIG
006 m o d
007 cr |||||||||||
008 120225s2001 sp ob 000 0 spa d
020 _z9788477335702
020 _z8477335702
035 _a(OCoLC)663890779
040 _aDGITA
_beng
_epn
_cDGITA
041 1 _aspa
_heng
043 _ae------
050 1 4 _aHC240 eBook
100 1 _aDuplessis, Robert S.
240 1 0 _aTransitions to Capitalism in Early Modern Europa
_lSpanish
245 1 0 _aTransiciones al capitalismo en Europa durante la Edad Moderna /
_cRobert S. DuPlessis ; traducción de Isabel Moll.
250 _a1a. ed.
264 1 _aZaragoza :
_bPrensas Universitarias de Zaragoza,
_c 2001.
300 _a1 online resource (456 pages)
336 _atext
_btxt
_2rdacontent
337 _acomputer
_bc
_2rdamedia
338 _aonline resource
_bcr
_2rdacarrier
490 1 _aCiencias sociales ;
_v43.
500 _aTranslation of: Transitions to Capitalism in Early Modern Europa. New York : Cambridge University Press, 1997.
504 _aIncludes bibliographical references (p. [423]-449) and indexes.
650 0 _aIndustries
_zEurope
_xHistory.
650 0 _aIndustrialization
_zEurope
_xHistory.
650 0 _aAgriculture
_xEconomic aspects
_zEurope
_xHistory.
650 0 _aCapitalism
_zEurope
_xHistory.
655 0 _aElectronic books.
700 1 _aMoll, Isabel
791 2 _aDigitalia (Firm),
_edistributor.
830 0 _aCiencias sociales (Zaragoza, Spain) ;
_v43.
793 0 _gDigitalia eBook Collection:
_aPrensas Universitarias de Zaragoza.
856 4 0 _3Digitalia Hispánica
_uhttps://www.digitaliapublishing.com/a/2165/
910 _aPremium Collection: 2007-2012
942 _cRAA
999 _c230392
_d230392